[Event "Warsaw Najdorf Memorial op-A 15th"]
[Site "Warsaw"]
[Date "2017.07.17"]
[Round "9"]
[White "Riff, Jean Noel"]
[Black "Dragun, Kamil"]
[Result "0-1"]
[WhiteElo "2493"]
[BlackElo "2621"]
[Annotator "Dragun,K"]
[PlyCount "76"]
[EventDate "2017.07.09"]
[EventType "swiss"]
[EventRounds "9"]
[EventCountry "POL"]
[SourceTitle "CBM 180"]
[Source "ChessBase"]
[SourceDate "2017.09.13"]
[SourceVersion "1"]
[SourceVersionDate "2017.09.13"]
[SourceQuality "1"]

1. e4 c5 2. Nf3 e6 3. d4 cxd4 4. Nxd4 a6 5. Be2 Nf6 6. Nc3 d6 7. O-O Be7 8. f4
Qc7 9. a4 {A move which completely suprised me and I didn't remember what to
play after it. I expected the variation which I played in my previous
tournament with the opposite colour.} (9. Kh1 O-O 10. Qe1 b5 11. Bf3 Bb7 12. e5
dxe5 13. fxe5 Nfd7 14. Qg3 Kh8 15. Bf4 Nc5 16. b4 Ncd7 17. Nd5 exd5 18. Nf5 g5
19. Bh5 Qd8 20. e6 fxe6 21. Bc7 exf5 22. Bxd8 Bxd8 23. Rae1 f4 24. Qc3+ Nf6 25.
Re8 Rxe8 26. Bxe8 Nc6 27. Bxc6 Rc8 28. Re1 Rxc6 29. Re8+ Kg7 30. Qe5 Rxc2 31.
h3 f3 32. gxf3 Rc1+ 33. Kg2 Rc2+ 34. Kf1 Bb6 35. Qxg5+ Kf7 36. Rf8+ Kxf8 37.
Qxf6+ Kg8 38. Qg5+ Kh8 39. Qe5+ Kg8 40. Qg5+ Kh8 41. Qf6+ Kg8 42. Qxb6 Bc6 43.
f4 Rc4 44. f5 Kf7 45. Qc7+ Kf6 46. Qxh7 {1-0 (46) Dragun,K (2614)-Hnydiuk,A 
(2404) Teplice CZE 2017}) 9... O-O 10. Kh1 b6 {I thought it would transpose to
the position I had prepared, but it seems White doesn't have to put his queen
on e1. With this tempo gain he is able to create a very strong attack.} 11. e5
$1 Ne8 $6 {Too passive.} (11... dxe5 12. fxe5 Nfd7 13. Bf3 Bb7 14. Bxb7 (14.
Bf4 Nc6) 14... Qxb7 15. Bf4 Bc5 $5 (15... Nc6 16. Qf3 Rac8 17. Rad1 Nc5 18.
Nxc6 Qxc6 (18... Rxc6 19. b4 Nd7 20. Ne4 $40) 19. Qxc6 Rxc6 20. b4 Nb7 21. Rd7
Bd8 22. Rf3 $14) 16. Nf3 (16. Qf3 Qxf3 17. Nxf3 Nc6 18. Rad1 Rfd8 $11) 16...
Bb4 $1 17. Qd3 Nc5 (17... Bxc3 $2 18. Ng5 $1) 18. Qc4 Bxc3 19. Qxc3 Nc6 20. b4
Nd7 21. Ng5 h6 22. Ne4 Ne7 $11) 12. Bd3 (12. exd6 $1 Nxd6 $6 (12... Bxd6 13. f5
e5 14. Nd5 Qd8 15. Nb3 Nd7 16. Be3 Bb7 17. a5 b5 18. Nb6 $14) (12... Qxd6 13.
Bf3 Ra7 14. Be3 Rd7 15. Qe2 $14) 13. f5 $1 e5 14. Nd5 Qd8 15. f6 $1 gxf6 16.
Bd3 $1 exd4 17. Re1 Be6 18. Nxe7+ Qxe7 19. Bxh7+ Kxh7 20. Qh5+ Kg8 21. Ra3 $3 {
The last piece in the game!}) 12... Bb7 13. f5 dxe5 14. fxe6 Nf6 15. Bg5 $6 {
A very interesting move but fortunately for me it can give White only a draw.}
({White could easily get a small but stable advantage after} 15. exf7+ $1 Rxf7
16. Nf5 Bb4 (16... Nbd7 $2 {That was my idea, but I didn't see the very
powerful:} 17. Qe2 $1 {[%cal Gd3c4] and Black is in serious trouble.} Rc8 18.
Nxe7+ Rxe7 19. Bxa6 $16) (16... Bf8 17. Qe2 Kh8 18. Bg5 $16) (16... Kh8 17.
Nxe7 Rxe7 18. Bg5 (18. Be3 Nbd7 19. Bf5 $14) 18... Nbd7 19. Qe2 h6 20. Bh4 e4
21. Bc4 e3 $132) 17. Qe2 Kh8 18. Ne4 Nxe4 19. Bxe4 Nd7 20. c3 $14 Bf8 21. Bg5
$1 {with an unpleasant position for Black.}) 15... exd4 16. Bxf6 Bxf6 17. Rxf6
dxc3 18. Bxh7+ $4 {Too much.} ({White had to go for the incredible variation
after} 18. Qg4 $3 cxb2 19. Raf1 {[%csl Rf7][%cal Gg4h5]} Nd7 $1 {The only move.
} 20. Bxh7+ $1 (20. exd7 Qc5 $1 $15) 20... Kh8 $1 21. exd7 Kxh7 $1 22. Rxf7
Rxf7 (22... Qe5 23. Qh4+ Kg6 24. Qg4+ Kh7 $11) 23. Qh5+ Kg8 24. Qxf7+ Kh7 25.
Qh5+ $11) 18... Kxh7 19. Qh5+ Kg8 20. Raf1 Bd5 $3 {The only winning move.} (
20... cxb2 21. exf7+ Rxf7 22. Rxf7 $18) (20... Bxg2+ 21. Kxg2 Ra7 22. exf7+
Rxf7 23. Rxf7 $16) 21. Qxd5 gxf6 22. Rxf6 (22. Qxa8 cxb2 23. Qe4 Qe5 24. Qg4+
Qg5 25. Qb4 fxe6 $19) 22... Qc5 23. Qd1 (23. Qd3 $5 Qe5 (23... Qg5 24. exf7+
Kg7 25. Rf5 Qc1+ 26. Rf1 Qxf1+ 27. Qxf1 cxb2 28. Qb1 Nd7 $17) 24. exf7+ Rxf7
25. Rg6+ Rg7 26. Qc4+ Kh7 27. Re6 Qg5 28. Qe4+ Rg6 29. h4 Qh6 30. Re7+ Kh8 31.
Re8+ Rg8 32. Qe5+ Kh7 33. Re7+ Rg7 34. Rxg7+ Qxg7 35. Qh5+ Kg8 36. Qe8+ Qf8 37.
Qg6+ Kh8 38. Qh5+ Kg7 39. Qg5+ Kf7 40. Qd5+ Ke7 41. Qe4+ Kd7 42. Qxa8 Qf1+ $19)
23... Qg5 (23... Kg7 24. Rf4 $19 (24. Rf1 f5 25. Qc1 f4 $19) 24... f5 $1 25.
Qh5 Rf6 26. Rh4 Kf8 27. Qh8+ Ke7 28. Rh7+ Kxe6 29. Qe8+ Kd5 $19) 24. exf7+ Kg7
25. Rf3 Nc6 $6 {During the game I thought that the move I played was the
simplest way to finish White's attack and keep the extra material.} ({The
engine prefers} 25... Qe5 $1 26. Rxc3 Kxf7 {and White doesn't have enough
pieces to attack successfully:} 27. Rf3+ Ke8 28. Rd3 (28. Rxf8+ Kxf8 29. Qd8+
Kg7 30. h3 Ra7 $19) 28... Ra7 29. Rd8+ Ke7) 26. Rg3 Qxg3 27. hxg3 cxb2 28. Qb1
Rxf7 29. Qxb2+ Rf6 30. g4 Kg6 31. Qxb6 Ne5 {And White's position is hopeless
because of the lack of counterplay.} 32. Qd4 Re8 33. Kh2 Nf7 {The knight will
be the best defender of Black's king.} 34. Qd5 Re5 35. Qa8 Kg7 36. Qb7 Rg5 37.
Kh3 Rc5 38. Qd7 Rd6 0-1

[Event "Match/Nation ROM-DDR 14-18"]
[Site "Eforie Nord"]
[Date "1984.05.13"]
[Round "2.4"]
[White "Ghinda, Mihail Viorel"]
[Black "Espig, Lutz"]
[Result "0-1"]
[WhiteElo "2455"]
[BlackElo "2420"]
[Annotator "Espig,L"]
[PlyCount "62"]
[EventDate "1984.05.10"]
[EventType "team-schev"]
[EventRounds "4"]
[EventCountry "ROU"]
[SourceTitle "EXT 2006"]
[Source "ChessBase"]
[SourceDate "2005.11.24"]
[SourceVersion "1"]
[SourceVersionDate "2005.11.24"]
[SourceQuality "1"]

{SCHACH 7/1984} 1. e4 c5 2. Nf3 e6 3. d4 cxd4 4. Nxd4 Nf6 5. Nc3 d6 6. f4 a6 7.
Be2 Nc6 8. Be3 Be7 9. Qd2 O-O 10. O-O-O Qc7 11. g4 Nxd4 12. Bxd4 e5 13. Be3 b5
14. f5 $6 ({Besser ist} 14. fxe5 dxe5 15. Nd5 {mit leichtem Vorteil für Weiß.})
14... Bb7 15. Qd3 $2 {Nach diesem Fehler erlangt Schwarz bereits Übergewicht.}
({Unbedingt notwendig war} 15. Nd5 Bxd5 16. exd5 Rfc8 17. c3) 15... b4 16. Nd5
Bxd5 17. exd5 Rfc8 {/\ Nxd5} 18. Rd2 (18. Qb3 a5 {sieht auch nicht verlockend
aus}) 18... Qa5 $1 19. Qb3 (19. Kb1 Rc3 $1 {mit starkem Angriff}) 19... Ne4 20.
Rd3 Rab8 {/\ Nc3} 21. a4 h6 $1 {/\ Bg5} 22. Bf3 (22. h4 Ng3 {mit Bauerngewinn
bei anhaltendem Angriff}) 22... Nc3 $1 ({Weiß rechnete nur mit} 22... Nc5 $2
23. Bxc5 dxc5 24. Qc4 Qxa4 25. Ra3 $1) 23. bxc3 bxc3 24. Qa3 Rc4 {Droht ausser
der Gabel e5-e4 vor allem einfach Rbc8 nebst Rxa4. Weiß ist verloren.} 25. f6
Bxf6 26. Qxd6 Rd8 27. Qb6 Qxa4 28. g5 hxg5 29. Bh5 Qa1+ $1 30. Qb1 Qxb1+ 31.
Kxb1 e4 (31... e4 32. Rdd1 Rb8+) 0-1

[Event "Interzonal-14a"]
[Site "Subotica"]
[Date "1987.??.??"]
[Round "3"]
[White "Zapata, Alonso"]
[Black "Xu, Jun"]
[Result "1-0"]
[WhiteElo "2505"]
[BlackElo "2495"]
[Annotator "Ftacnik,L"]
[PlyCount "103"]
[EventDate "1987.06.??"]
[EventType "tourn"]
[EventRounds "17"]
[EventCountry "YUG"]
[EventCategory "11"]
[SourceTitle "CBM 003"]
[Source "ChessBase"]
[SourceDate "1988.04.01"]
[SourceVersion "1"]
[SourceVersionDate "1988.04.01"]
[SourceQuality "1"]

1. e4 c5 2. Nf3 e6 3. d4 cxd4 4. Nxd4 Nf6 5. Nc3 d6 6. Be2 Be7 7. O-O O-O 8. f4
a6 9. a4 Qc7 10. Kh1 Rd8 $5 (10... b6) 11. Be3 b6 12. Bf3 Bb7 13. Qe2 Nbd7 (
13... d5 $5) (13... g6) 14. Bf2 Rac8 (14... Nc5 $1 {/\ d5}) 15. Rad1 g6 $6 {
/\ e5} (15... Nc5 $142) 16. e5 $1 Bxf3 (16... Ne8 17. exd6 Bxd6 18. Bxb7 Qxb7
19. Nxe6 $1 fxe6 20. Qxe6+ Kf8 21. Rxd6 Nxd6 22. Qxd6+ Kf7 23. f5 $1 $18 {->})
(16... dxe5 17. fxe5 $16) 17. Nxf3 dxe5 18. fxe5 Ng4 19. Bg3 $16 Qc4 (19... Bc5
20. Rd3 {/\ Ne4}) (19... Nc5 20. Bf4 {/\ h3}) 20. Rd3 $1 h5 (20... Qb4 $2 21.
Rd4 Qxb2 22. Nd1 $18) (20... Nf8 $142) 21. Rfd1 Qc7 $1 (21... Nf8 $2 22. Rxd8
Qxe2 23. Rxf8+) 22. Bf4 {/\ h3} g5 23. Nxg5 Ndxe5 24. Rxd8+ Rxd8 25. h3 $18
Rxd1+ 26. Nxd1 Qd8 (26... Bxg5 27. Bxg5 Qd6 $5 28. Nc3 $18 (28. hxg4 $2 Nxg4 {
/\ 29...Qh2, 29...Qd1})) 27. hxg4 Ng6 28. Nxe6 fxe6 29. Qxe6+ Kg7 30. Ne3 $5 (
30. Be5+ Nxe5 31. Qxe5+ Bf6 32. Qe2) 30... Nxf4 31. Nf5+ Kf8 32. Qh6+ Ke8 33.
Qxf4 Qd1+ 34. Kh2 Bc5 35. gxh5 (35. Ng7+ $142 Ke7 (35... Kd7 36. Qf5+ Kc6 37.
Qe4+ Kd7 38. Qe8+ $18) 36. Qe4+ Kf7 37. Nxh5 $18) 35... Qxh5+ 36. Kg3 Qe2 37.
b4 $1 Qe1+ 38. Kg4 Bxb4 39. Qe3+ Qxe3 40. Nxe3 $18 Kd7 41. Nd5 Bc5 42. Kf5 Kc6
43. Ke4 b5 44. axb5+ Kxb5 {/\ Kc4<=>} 45. Kd3 Ka4 (45... a5 $142) 46. g4 a5 47.
g5 Bf8 48. g6 Bg7 49. c4 Kb3 50. c5 a4 51. c6 a3 52. Ne3 1-0

[Event "MK Cafe Cup-A"]
[Site "Koszalin"]
[Date "1999.08.07"]
[Round "5"]
[White "Lanka, Zigurds"]
[Black "Novikov, Igor A"]
[Result "0-1"]
[WhiteElo "2504"]
[BlackElo "2614"]
[Annotator "Ftacnik,L"]
[PlyCount "96"]
[EventDate "1999.08.03"]
[EventType "swiss"]
[EventRounds "9"]
[EventCountry "POL"]
[SourceTitle "CBM 073"]
[Source "ChessBase"]
[SourceDate "1999.12.01"]
[SourceVersion "1"]
[SourceVersionDate "1999.12.01"]
[SourceQuality "1"]

1. e4 c5 2. Nf3 d6 3. d4 cxd4 4. Nxd4 Nf6 5. Nc3 a6 6. Be3 e6 7. Be2 Qc7 8. Qd2
b5 9. f3 Nbd7 10. a3 (10. g4 h6 (10... Nb6 11. b3 Bb7 12. Nd1 Rc8 13. g5 Nfd7
14. c3 d5 15. Bd3 Nc5 16. Qc2 dxe4 17. Bxe4 Nd5 18. Bxd5 Bxd5 19. Ke2 Bd6 {
0-1 Nussbaumer,F-Ausserer,P/Feldkirchen/1998/ (44)}) 11. g5 hxg5 12. Bxg5 b4
13. Na4 d5 14. e5 Nxe5 15. Bf4 Bd6 16. Be3 Bd7 17. b3 Bxa4 18. bxa4 Nc4 19.
Bxc4 Qxc4 {0-1 Hoi,C-Summermatter,D/Bad Ragaz/1990/ (19)}) (10. Rd1 b4 11. Na4
d5 12. exd5 Nxd5 13. Bf2 Bd6 14. Nf5 Bf4 15. Qd4 Be5 16. Qc4 O-O 17. Qxc7 Bxc7
18. Nc5 N7f6 19. Ng3 Nf4 20. O-O Nxe2+ 21. Nxe2 a5 {0-1 Martinez,J-Suba,M/
Albacete/1995/ (75)}) (10. a4 b4 11. Na2 d5 12. Nxb4 dxe4 13. c3 Bb7 14. O-O
Bd6 15. f4 O-O 16. Rad1 Be7 17. f5 e5 18. Nb3 a5 19. Nc2 Nb6 20. Qe1 Nxa4 {
0-1 Smistik,M-Thorfinnsson,B/Szeged/1994/ (39)}) 10... Be7 (10... Ne5 11. g4 (
11. Rd1 Bd7 12. O-O Be7 13. Kh1 O-O 14. g4 Nc4 15. Bxc4 Qxc4 16. Nde2 a5 17.
Ng3 b4 18. Nb1 Rfc8 19. c3 {1-0 Bologan,V-Wojtkiewicz,A/Calcutta/1999/ (43)})
11... Rb8 12. g5 Nfd7 13. O-O Nc4 14. Bxc4 Qxc4 15. f4 Rb7 16. Rae1 Be7 17. b3
Qc7 18. Re2 Nb8 19. f5 {1-0 Lanka,Z-Enders,P/BL9495/1995/ (32)}) (10... Bb7 11.
g4 h6 (11... Nb6 12. g5 Nfd7 13. b3 g6 14. Rf1 Rc8 15. Nd1 e5 16. Rc1 exd4 17.
Qxd4 Rg8 18. f4 Bg7 19. Qd3 Nc5 20. Bxc5 dxc5 21. Qh3 Bxe4 22. Qxh7 Kf8 23. Qh3
Bf5 {0-1 Spang,S-Scholtes,M/Pinneberg/1996/ (23)}) 12. O-O-O d5 13. exd5 Nxd5
14. Nxd5 Bxd5 15. Kb1 (15. Rhe1 Qb7 16. Kb1 Nb6 17. Nf5 O-O-O 18. Qc3+ Kb8 19.
Qa5 exf5 20. Bxb6 Rd7 21. c4 {1-0 Antoniewski,R-Kempinski,R/Zagan/1997/ (26)})
15... g6 16. Rhe1 Bg7 17. h4 Rc8 18. Bf4 Qc5 19. h5 g5 20. Be3 Qc7 21. f4 Nf6
22. fxg5 Ne4 23. Qc1 hxg5 24. Bd3 {1-0 Bologan,V-Balashov,Y/Novgorod/1995/ (48)
}) (10... h5 11. O-O Bb7 12. Rad1 Be7 13. Bg5 O-O 14. Kh1 Rfe8 15. Bd3 d5 16.
exd5 Nxd5 17. Bxe7 Rxe7 18. Qg5 Qe5 19. Qh4 Qf6 20. Qxf6 N7xf6 21. Nxd5 Nxd5
22. Rfe1 {1-0 Shirov,A-Van Wely,L/Amsterdam/1995/ (56)}) 11. g4 {The English
attack has many faces, black should have enough counterplay due to the white's
a3 move.} Nb6 (11... h6 $5) 12. g5 Nfd7 13. O-O O-O 14. f4 Re8 (14... Nc4 $6
15. Bxc4 bxc4 16. f5 Ne5 17. f6 Bd8 18. fxg7 Kxg7 19. g6 $14) 15. Bd3 (15. f5
Ne5 16. f6 Bf8 $11) 15... Bf8 16. Qf2 Nc4 17. Bc1 (17. Bxc4 bxc4 18. f5 Ne5 $11
) 17... Bb7 18. b3 Nxa3 $5 {Black grabs the pawn since his position in not yet
under real fire.} (18... Ncb6 19. Bb2 Nc5 $13) 19. Bxa3 (19. Nce2 b4 $17) 19...
Qxc3 20. Ne2 Qc6 21. Bb2 Nc5 22. Ng3 Rac8 (22... d5 23. e5 Ne4 $17) 23. Rad1 d5
$1 (23... Nxd3 24. cxd3 Qc2 25. Qxc2 Rxc2 26. Bd4 Rec8 27. Rf2 $17) 24. exd5 (
24. e5 Nxd3 25. cxd3 Qc2 26. f5 Rc7 $17) 24... exd5 25. Bf5 Ne4 $1 {[%mdl 64]
It becomes obvious, that black can also attack and exposed white king is a
perfect target along a7-g1 and a8-h1 diagonals.} 26. Qg2 (26. Nxe4 dxe4 27.
Bxc8 (27. Bd7 e3 28. Bxc6 exf2+ 29. Kxf2 Rxc6 $19) 27... e3 $19) 26... Qb6+ 27.
Rd4 (27. Kh1 Nxg3+ 28. hxg3 d4 $19) (27. Bd4 Bc5 28. Bxc5 Rxc5 29. Rd4 Rxc2 30.
Qxc2 Qxd4+ $19) 27... Rc3 (27... Bc5 28. Rfd1 Rc7 29. Qh3 h6 30. b4 Bxd4+ 31.
Bxd4 Qc6 $19) 28. Nxe4 (28. Bxc3 Nxc3 29. Qf2 Bc5 $19) 28... Qxd4+ 29. Nf2 (29.
Qf2 Qxf2+ 30. Rxf2 Rc6 $19) 29... b4 30. Bxc3 bxc3 (30... Qxc3 31. Qg4 Bc5 $19)
31. Qg4 Bc5 32. Qh4 (32. Kg2 Qd2 33. Qh4 g6 34. Bd3 Re4 $1 $19) 32... g6 33.
Bd3 Qe3 34. f5 Qf3 (34... Re5 35. Rd1 Be7 $19) 35. Qg3 (35. fxg6 fxg6 36. Qg3
Qxg3+ 37. hxg3 Re5 $19) 35... Qxg3+ 36. hxg3 Be3 {Black bishops are just too
strong for any comfort.} 37. Kh2 (37. Re1 Kf8 $19) 37... Bxg5 38. Nh3 Bd2 39.
Ra1 d4 40. Nf2 (40. Bxa6 Ra8 $19) 40... Kg7 41. Ra4 Be3 42. Ng4 gxf5 43. Bxf5 (
43. Nxe3 dxe3 44. Ra1 Be4 $19) 43... h5 44. Nxe3 dxe3 45. Ra1 Be4 46. Bxe4 Rxe4
47. Kg2 e2 48. Re1 (48. Kf2 e1=Q+ 49. Rxe1 Rxe1 50. Kxe1 Kf6 51. Ke2 Kf5 52.
Kf3 a5 $19) 48... Kg6 0-1

[Event "MK Cafe Cup-A"]
[Site "Koszalin"]
[Date "1999.08.07"]
[Round "5"]
[White "Bologan, Viktor"]
[Black "Lesiege, Alexandre"]
[Result "1/2-1/2"]
[WhiteElo "2620"]
[BlackElo "2553"]
[Annotator "Ftacnik,L"]
[PlyCount "75"]
[EventDate "1999.08.03"]
[EventType "swiss"]
[EventRounds "9"]
[EventCountry "POL"]
[SourceTitle "CBM 073"]
[Source "ChessBase"]
[SourceDate "1999.12.01"]
[SourceVersion "1"]
[SourceVersionDate "1999.12.01"]
[SourceQuality "1"]

1. e4 c5 2. Nf3 d6 3. d4 cxd4 4. Nxd4 Nf6 5. Nc3 a6 6. Be3 Nc6 7. Be2 e6 8. Qd2
Be7 9. f4 O-O 10. O-O-O Qc7 11. Kb1 Bd7 (11... Nxd4 12. Bxd4 e5 $1 13. Be3 b5
14. Bf3 (14. Rhf1 Bb7 15. Nd5 Bxd5 16. exd5 Nd7 17. fxe5 Nxe5 18. Bd4 Qd7 19.
Qf4 Ng6 20. Qf3 Rae8 21. Bd3 {1-0 Yeuillaz,C-Debertshaeuser,J/Saint Vincent/
1998/ (38)}) 14... Bb7 15. g4 b4 16. Nd5 Bxd5 17. exd5 exf4 18. Bxf4 Nd7 19. g5
f6 $2 20. h4 (20. g6 $1 {Wedberg} hxg6 21. Rdg1 g5 22. Qg2 $18) 20... fxg5 21.
hxg5 Bxg5 22. Qh2 {0-1 Haschem Safari,M-Bener,A/Naestved/1988/ (42)}) 12. g4
Nxd4 13. Qxd4 Bc6 {The castling on the opposite sides requires from both
players forcefull, but often exact play. Whoever comes first with his attack
should have better chances.} (13... e5 $6 14. Qd3 Bxg4 15. Bxg4 Nxg4 (15...
exf4 16. Bxf4 Nxg4 17. Nd5 $18) 16. Nd5 Qd8 17. Bb6 Qd7 18. h3 Nf6 19. fxe5
Nxd5 20. Qxd5 $18) 14. g5 Nd7 (14... Ne8 15. h4 $14) 15. h4 Nc5 16. Bf3 Rad8 (
16... f5 17. gxf6 Bxf6 18. Qxd6 Qxd6 19. Rxd6 Bxc3 20. Bxc5 (20. bxc3 Bxe4 $15)
20... Rxf4 21. bxc3 Rxf3 22. Rxe6 Rxc3 $13) 17. h5 f6 (17... f5 18. h6 $1 $16)
18. g6 f5 {The second move with f pawn is a bad sign of black's comfort. White
is clearly ahead with his attempts to gain access the the black's king.} (18...
h6 19. f5 exf5 20. Nd5 $14) 19. h6 (19. gxh7+ Kh8 $1 (19... Kxh7 20. h6 $1 gxh6
(20... Rf6 21. hxg7+ Kg8 22. Rdg1 Kf7 23. Rh7 $18) (20... Bf6 21. hxg7+ Kxg7
22. Rdg1+ Kf7 23. Bh5+ Ke7 24. Rg7+ $1 $18) 21. Rxh6+ Kxh6 22. Rh1+ Kg6 23.
Bh5+ Kh7 24. Bf7+ Bh4 25. Rxh4#) 20. h6 Bf6 21. hxg7+ Qxg7 22. Qd2 $16) 19...
Bf6 (19... gxh6 20. gxh7+ Kxh7 21. Rxh6+ $1 $18) 20. hxg7 $5 (20. gxh7+ Kh8 21.
hxg7+ Qxg7) 20... Bxg7 (20... Bxd4 21. Bxd4 hxg6 (21... h6 22. gxf8=Q+ Rxf8 23.
Rxh6 e5 24. Rh7 $18) (21... e5 22. gxf8=Q+ Rxf8 23. gxh7+ Kh8 24. fxe5 dxe5 25.
Bxc5 $18) 22. Rh8+ Kf7 23. gxf8=Q+ Rxf8 24. Rh7+ $18) (20... Qxg7 21. gxh7+ Kh8
) 21. Rxh7 (21. gxh7+ Kh8 22. Qd2 Nxe4 (22... fxe4 23. Bg4 Bf6 24. Rdg1 $16)
23. Bxe4 (23. Nxe4 fxe4 24. Bg4 Bd5 25. Rdg1 Qc4 26. b3 Qc3 27. Qxc3 Bxc3)
23... fxe4 24. Rdg1 $16) 21... fxe4 (21... Bxd4 22. Bxd4 (22. Rxc7 $2 Bxe3 $17)
22... Qxh7 23. gxh7+ Kf7 (23... Kxh7 24. Rh1+ Kg8 (24... Kg6 25. Bh5+ Kh7 26.
Bf7#) 25. Rh8+ Kf7 26. Bh5+ Ke7 27. Rh7+ $18) 24. Bh5+ Ke7 25. e5 Ne4 26. Nxe4
fxe4 27. exd6+ Kd7 28. Bg6 $18) 22. Nxe4 $2 {[%mdl 128] White could have
triumphed with the help of additional pressure along the h file. After the
text black manages Hoidini like escape.} (22. Rdh1 $1 e5 (22... Bxd4 23. Bxd4
e5 24. fxe5 $3 (24. Rxc7 $2 exd4 25. Rhh7 Ne6 $19) 24... dxe5 25. Bxc5 Qc8 26.
Rh8+ Kg7 27. R1h7+ Kxg6 28. Bh5+ Kg5 29. Rg7+ Kf6 30. Rg6+ Kf5 31. Rhh6 Rd4 32.
Bg4+ Kf4 33. Ne2+ Ke3 34. Rh3+ Kd2 35. Rh2 $18) 23. fxe5 exf3 24. exd6 Bxd4 25.
Bxd4 $18) 22... Bxd4 23. Bxd4 (23. Rxc7 Bxe3 24. Nxc5 dxc5 $19) 23... Qxh7 (
23... e5 24. Rxc7 exd4 (24... Bxe4 25. Bxe4 Nxe4 26. Be3 $18) 25. Ng5 Bxf3 26.
Nxf3 Rxf4 27. Nxd4 $16) 24. gxh7+ Kxh7 (24... Kf7 $2 25. Nxd6+ Rxd6 26. Bh5+
Ke7 27. Bxc5 $18) 25. Rh1+ Kg6 (25... Kg8 26. Rh8+ Kf7 27. Bh5+ Ke7 28. Rh7+
$18) 26. Rg1+ Kf5 (26... Kh7 27. Ng5+ Kh6 28. Bxc6 bxc6 29. Bxc5 dxc5 30. Nxe6
Rg8 31. Rh1+ Kg6 32. Nxd8 Rxd8 33. Kc1 Rd4 34. Rh4 $16) (26... Kh6 27. Bg7+ Kh7
28. Nxc5 dxc5 29. Bxc6 bxc6 30. Bxf8 Rxf8 31. a3 Rxf4 32. Re1 Rf6 33. Re5 $14)
27. Nxd6+ Rxd6 (27... Kxf4 28. Bxc6 $18) 28. Bxc5 Bxf3 (28... Rfd8 29. Bxd6
Rxd6 30. Bxc6 bxc6 31. b4 Rd4 32. c3 Rxf4 33. Rg8 $14) 29. Bxd6 Rd8 30. Rg5+ (
30. Be5 Rd1+ $1 31. Rxd1 Bxd1 $14) 30... Ke4 (30... Kf6 31. Be5+ Kf7 32. Rg7+
Ke8 33. c4 $16) 31. Re5+ Kxf4 $1 (31... Kd4 $2 32. Bc5+ Kc4 33. b3+ Kc3 34.
Re3+ Kd2 35. Rxf3 $18) 32. Rxe6+ Kf5 33. Re5+ Kg4 34. Re6 Kf5 35. Rh6 Kg5 36.
Re6 Kf5 37. Re5+ Kg6 38. Re6+ 1/2-1/2